| 000 | 00701cam a2200217 4500 | ||
|---|---|---|---|
| 008 | 050204t19981998flua g 000 0 eng u | ||
| 020 | _a1566702097 | ||
| 035 | _aa443538 | ||
| 100 | 1 | _aStephenson, Ralph L. | |
| 245 | 1 | 4 |
_aThe industrial wastewater systems : _bHanbook / _cRalph L. Stephenson, James B. Blackburn. |
| 250 | _a1a. ed | ||
| 260 |
_aBoca Raton, Florida : _bLewis, _cc1998 |
||
| 300 |
_a495.p.: _b il. ; _c26 cm. |
||
| 504 | _aIncluye bibliografías, glosario, e índice | ||
| 506 | _aFomes 2000 | ||
| 650 | 1 | 0 | _aResiduos Industriales. |
| 650 | 2 | 0 | _aBasuras y aprovechamiento de basuras. |
| 700 | 1 | _aBlackburn, James B.,coaut. | |
| 942 |
_2lcc _cLIB |
||
| 999 |
_c96445 _d96445 |
||